000 00725nam a22002537a 4500
001 45775
003 UA-OsUOA
005 20191227110038.0
007 ta
008 20111125b un ||||| |||| 00| 0 ukr d
040 _aUA-OsUOA
_bukr
_cUA-OsUOA
_dUA-OsUOA
041 _aukr
080 _a82-3
090 _a82-3
_bВ67
100 _aВолков В.
245 _aДовбуш
_bроман
260 _aВінніпег
_bТризуб
_c1963
300 _a304 с.
650 7 _a82 Література. Літературознавство
_2UDC
942 _cBK
_2udc
955 _a3
999 _c425877
_d425877